000
00306nam a2200109Ia 4500
008
171211s9999 xx 000 0 und d
245
_a
Leibniz: An Intellectual Biography
245
_c
Maria Rosa Antognazza
260
_c
2008
650
_x
Biography
856
_u
http://down.ebook777.com/059/0521806194.pdf
999
_c
349969
_d
349969